000 00693nam a22002177a 4500
999 _c9234
_d9234
003 AR-CdUCM
008 190327b ||||| |||| 00| 0 spa d
040 _aMUNICIPALIDAD PROVINCIAL DEL CUSCO
_cBIBLIOTECA MUNICIPAL DEL CUSCO
082 _a869.56 /
_bC28
100 _aCarrion Espejo, Francisco
_925309
245 _aNarrativa Peruana /
260 _aLima :
_bHorizonte,
_c1994.
300 _a208 páginas ;
_c14 cm.
440 _aBiblioteca del estudiante
_n5
_925310
505 _aMitos preincaicos e incaicos -- Narrativa colonial -- Narrativa republicana...
650 _aMitos.
_912603
650 _aCuentos.
_9217
650 _aLeyendas.
_92226
942 _2ddc
_cLIBROS
945 _awfj